Online
Catalog

Los sueños ajenos / (Record no. 30121)

MARC details
000 -CABECERA
campo de control de longitud fija 00730nam a2200229 a 4500
001 - NÚMERO DE CONTROL
campo de control 000030629
005 - FECHA Y HORA DE LA ÚLTIMA TRANSACCIÓN
campo de control 20240226141338.0
008 - DATOS DE LONGITUD FIJA--INFORMACIÓN GENERAL
campo de control de longitud fija 110525s2011 dr a 000 p spa d
020 ## - NÚMERO INTERNACIONAL ESTÁNDAR DEL LIBRO
Número Internacional Estándar del Libro 9789945455649
040 ## - FUENTE DE LA CATALOGACIÓN
Centro catalogador/agencia de origen DO-SdBNP
Lengua de catalogación spa
Centro/agencia transcriptor BNPHU
082 ## - NÚMERO DE LA CLASIFICACIÓN DECIMAL DEWEY
Número de clasificación PR863.44
Número de documento/Ítem R114s
100 1# - ENTRADA PRINCIPAL--NOMBRE DE PERSONA
Nombre de persona Rabelo Cartagena, José A.,
Fechas asociadas al nombre 1963-
9 (RLIN) 57213
245 14 - MENCIÓN DE TÍTULO
Título Los sueños ajenos /
Mención de responsabilidad, etc. José Rabelo.
260 ## - PUBLICACIÓN, DISTRIBUCIÓN, ETC.
Lugar de publicación, distribución, etc. San Juan;
-- Santo Domingo :
Nombre del editor, distribuidor, etc. Isla Negra,
Fecha de publicación, distribución, etc. 2011.
300 ## - DESCRIPCIÓN FÍSICA
Extensión 144 p. :
Otras características físicas il. ;
Dimensiones 21 cm.
490 1# - MENCIÓN DE SERIE
Mención de serie La montaña de papel
590 ## - NOTA LOCAL (RLIN)
Nota local Inventariado,2019/VM
650 #4 - PUNTO DE ACCESO ADICIONAL DE MATERIA--TÉRMINO DE MATERIA
Término de materia o nombre geográfico como elemento de entrada Novela puertorriqueña
9 (RLIN) 1185
650 #4 - PUNTO DE ACCESO ADICIONAL DE MATERIA--TÉRMINO DE MATERIA
Término de materia o nombre geográfico como elemento de entrada Literatura puertorriqueña
9 (RLIN) 250
830 #3 - PUNTO DE ACCESO ADICIONAL DE SERIE-TÍTULO UNIFORME
Título uniforme La montaña de papel
9 (RLIN) 1186
910 ## - DATOS DE OPCIÓN DEL USUARIO (OCLC)
Datos de opción del usuario Validado. Control de calidad MFF
Holdings
Estado de retiro Estado de pérdida Restricciones de uso No para préstamo Código de colección Localización permanente Ubicación/localización actual Ubicación en estantería Fecha de adquisición Número de inventario Total de préstamos Signatura topográfica completa Código de barras Fecha visto por última vez Número de copia Precio válido a partir de Tipo de ítem Koha
        Dominicana de Servicio General General Depósito 25.05.2011 LF1   PR863.44 R114s 30629-30 25.06.2020 e. 3 25.06.2020 Libro y Folleto Colección Dominicana de Servicio
      Excluido de préstamo Patrimonio Dominicano Patrimonio Dominicano Patrimonio Dominicano Depósito 25.05.2011 LF1   PR863.44 R114s 30629-10 25.06.2020   25.06.2020 Libro y Folleto Colección Patrimonio Dominicano
      Excluido de préstamo Patrimonio Dominicano Patrimonio Dominicano Patrimonio Dominicano Depósito 25.05.2011 LF1   PR863.44 R114s 30629-20 25.06.2020 e. 2 25.06.2020 Libro y Folleto Colección Patrimonio Dominicano

Powered by Koha